|
|
|
|
| LEADER |
00000nas a22000007a 4500 |
| 001 |
ssj0000580311 |
| 003 |
WaSeSS |
| 005 |
20200512172242.0 |
| 006 |
m d |
| 007 |
cr n |
| 008 |
070809c20079999nyumr pss 0 a0eng c |
| 010 |
|
|
|a 2007213645
|
| 022 |
|
|
|a 1939-4721
|l 1816-1243
|y 1816-1243
|
| 035 |
|
|
|a (WaSeSS)ssj0000580311
|
| 037 |
|
|
|b SouthAsia Online, 321 W. 94th St., New York, NY10025
|
| 040 |
|
|
|a NSD
|b eng
|c NSD
|d DLC
|d OCLCQ
|d ZAC
|d OCLCF
|d WaSeSS
|
| 042 |
|
|
|a nsdp
|a pcc
|
| 082 |
0 |
0 |
|a 954.005
|2 21
|
| 222 |
|
0 |
|a Southasia online
|b (New York, N.Y.)
|
| 245 |
0 |
0 |
|a Southasia online
|h [electronic resource].
|
| 260 |
|
|
|a New York :
|b Southasia Online
|
| 310 |
|
|
|a Monthly
|
| 362 |
1 |
|
|a Began with Mar. 2007.
|
| 506 |
|
|
|a License restrictions may limit access.
|
| 588 |
|
|
|a Description based on first issue; title from journal home page (publisher's Web site viewed on Aug. 9, 2007).
|
| 588 |
|
|
|a Latest issue consulted: July 2007 (publisher's Web site viewed on Aug. 9, 2007).
|
| 655 |
|
0 |
|a Electronic journals.
|
| 776 |
0 |
8 |
|i Print version:
|t Southasia
|g 1997-
|x 1816-1243
|w (DLC) 98930409
|w (OCoLC)40471676
|
| 856 |
4 |
0 |
|z Full text available from Research Library: 03/01/2011 to present
|u https://search.proquest.com/publication/616528
|